00262nam a22000977a 4500020001800000082001300018100001600031245006500047260004300112300000900155 a9780199401147 a954.9105 aSaadia Toor aThe state of Islam culture and cold war politics in Pakistan aKarachibOxford university pressc2011 a252p